000 00562cam a22002053a 4500
001 40239
003 PGUSA
005 20140828083909.0
008 120715s2012||||xxu|||||s|||||000 | eng d
040 _aPGUSA
_beng
042 _adc
100 1 _aHugo, Victor,
_d1802-1885
245 1 0 _aLe Rhin, Tome IV
_h[electronic resource] /
_cVictor Hugo
260 _bProject Gutenberg,
_c2012
506 _aPublic domain in the USA.
516 _aElectronic text
830 0 _aProject Gutenberg
_v40239
856 4 0 _uhttp://www.gutenberg.org/ebooks/40239
942 _cEB
999 _c269492
_d269492